000 00921ngm a22003370a 4500
001 PT15530
003 AR-LpoUNG
005 20210202000158.0
007 vd cvaizq
008 191001s1976||||ag |||||||||||||||||ita d
037 _c$6.60
040 _aAR-LpoUNG
_bspa
_cAR-LpoUNG
_eaacr
041 _aita
_aspa
044 _aag
082 0 _a306.8 421feo
100 1 _aScola, Ettore
_edir.
245 1 0 _aFeos, sucios y malos
260 _aBuenos Aires :
_bVideo Laser,
_c[1976].
300 _aVHS : son., col.
505 0 _aGuión: Ruggero Maccari, Sergio Citti.
520 _aRetrato tragicómico y grotesco de la decadencia moral de una familia italiana de clase baja.
650 4 _aCLASES SOCIALES
650 4 _aCONCIENCIA DE CLASE
650 4 _aETICA
650 4 _aFAMILIA
650 4 _aNORMAS SOCIALES
650 4 _aSISTEMAS DE VALORES
653 _aVIDEOS
905 _a15530
942 _cVIDEO
999 _c54261
_d54261